000 02449nam a22004215i 4500
001 159521
003 ES-MaACL
005 20231227153619.0
008 960313s1851 sp a |||| | spa d
080 _a39(460.27 M.)"18"
080 _a821.134.2-94"18"
080 _a821.134.2-94"18"(082.2)
100 1 _aMesonero Romanos, Ramón de,
_d1803-1882
_980672
245 1 0 _aEscenas matritenses /
_cpor el Curioso Parlante (D. Ramón de Mesonero Romanos) ; [prólogo de Juan Eugenio Hartzenbusch].
250 _a5ª ed., única completa, aum. y corr. por el autor e ilustrada con 50 grabados.
260 _aMadrid :
_bImp. y Librería de Gaspar y Roig,
_c1851.
300 _a242, 382 p. :
_bil. ;
_c28 cm.
490 1 _aBiblioteca ilustrada de Gaspar y Roig
505 8 _aContiene: Primera época: 1832 a 1836 ; Segunda época: 1836 a 1842 ; Apéndice ; Poesías festivas (242 p.)
505 8 _aContiene también: Los españoles pintados por sí mismos, adornada con 100 láminas (382 p.)
530 _aDisponible en formato digital.
595 _aSegún Palau, 1663389, el editor presentó esta ed. enc. y precedida de la reimp. de "Los españoles pintados por sí mismos", por varios autores.
597 _aPort. con retrato xil. del autor, firmado por "Coderch"
599 _aGrabados de Vallejo, Vilaplana, Rico, Giménez, Coderch, Toro, Capuz, Severini, Carnicero, Martí, Cochar, Llopis y Cibera.
650 4 _aCostumbrismo-
_zEspaña.
_9150124
651 4 _aMadrid-
_xUsos y costumbres-
_yS.XIX.
_98988
651 4 _aEspaña-
_xUsos y costumbres-
_yS.XIX.
_98521
700 1 _aHartzenbusch, Juan Eugenio,
_d1806-1880
_962011
700 1 _aCoderch
_c(ilustrador)
_9172970
740 4 2 _aLos españoles pintados por sí mismos.
830 1 _aBiblioteca ilustrada de Gaspar y Roig
_9177255
852 _aES-MaACL
_jR-2994(1)
_z- Enc. hol.
852 _aES-MaACL
_jR-3442(2)
_z- Enc. hol.
856 _uhttp://bdh-rd.bne.es/viewer.vm?id=0000108760&page=1
_zBiblioteca Digital Hispánica
_z(Escenas matritenses)
856 _uhttp://bdh-rd.bne.es/viewer.vm?id=0000245617&page=1
_zBiblioteca Digital Hispánica
_z(Los españoles pintados por sí mismos)
856 _uhttps://bibliotecavirtualmadrid.comunidad.madrid/bvmadrid_publicacion/es/consulta/registro.do?id=9473
_zBiblioteca Digital de la Comunidad de Madrid
_z(Escenas matritenses y Los españoles pintados por sí mismos)
999 _c159521
_d159521